LDR 00969naa#a2200181#i#450# 001 RU\\bibl\119884 005 20260605031406.5 011 ## _a2500-4026 100 ## _a20181231b2018####ek#y0rusy0150####ca 101 0# _aRUS 102 ## _aRU 200 1# _aИСПОЛЬЗОВАНИЕ ЯЗЫКА ПРОГРАММИРОВАНИЯ R В ВОПРОСАХ ПОЖАРНОЙ БЕЗОПАСНОСТИ:ОБРАБОТКА И ВИЗУАЛИЗАЦИЯ ДАННЫХ _eЖурнальная статья 210 1# _aЖелезногорск _cФГБОУ ВО Сибирская пожарно-спасательная академия ГПС МЧС России _d2018 215 ## _a6 с. 608 ## _aЖурнальная статья _2local 675 ## _aМанипулирование данными. 004.62 _aТехника сбора данных. Техника обработки данных. Табулирование. 311.2 _zRUS 700 #1 _aМатеров _gЕ Н 856 4# _aapbt-sibpsa.editorum.ru _u